000 00683cam a22002413a 4500
001 25141
003 PGUSA
005 20140828083536.0
008 080423s2008||||xxu|||||s|||||000 | eng d
040 _aPGUSA
_beng
042 _adc
050 4 _aBV
100 1 _aTozer, A. W.
_q(Aiden Wilson),
_d1897-1963
245 1 4 _aThe Pursuit of God
_h[electronic resource] /
_cA. W. Tozer
260 _bProject Gutenberg,
_c2008
506 _aPublic domain in the USA.
516 _aElectronic text
653 _aGod (Christianity) -- Worship and love
653 _aSpirituality
830 0 _aProject Gutenberg
_v25141
856 4 0 _uhttp://www.gutenberg.org/ebooks/25141
942 _cEB
999 _c254396
_d254396